[Event "Heusenstamm Sparkassen op U14 4th"]
[Site "Heusenstamm"]
[Date "2017.11.24"]
[Round "1"]
[White "Mainberger, Jakob"]
[Black "Senko, Daniel"]
[Result "0-1"]
[WhiteElo "779"]
[BlackElo "1158"]
[PlyCount "56"]
[EventDate "2017.11.24"]
[EventType "swiss"]
[EventRounds "5"]
[EventCountry "GER"]
[SourceTitle "EXT 2019"]
[Source "ChessBase"]
[SourceDate "2018.10.10"]
[SourceVersion "1"]
[SourceVersionDate "2018.10.10"]
[SourceQuality "1"]

1. d4 d5 2. Bf4 Nf6 3. Nc3 Bf5 4. e3 e6 5. Bb5+ Nbd7 6. Nf3 c5 7. dxc5 Bxc5 8. 0-0 0-0 9. Rb1 a6 10. Bd3 Bg6 11. Bxg6 hxg6 12. Ng5 Re8 13. b4 Ba7 14. b5 Rc8 15. Qe1 e5 16. Bg3 d4 17. Nd1 Rxc2 18. bxa6 bxa6 19. exd4 exd4 20. Qb4 Nd5 21. Qb3 Rc5 22. Qf3 Qxg5 23. Bd6 Ne5 24. Qe4 Ra5 25. Rb7 Re6 26. Bc7 Nxc7 27. Rxa7 Ra3 28. Rxc7 Nf3+ 0-1

[Event "Bad Soden U14 op"]
[Site "Bad Soden"]
[Date "2017.10.03"]
[Round "9"]
[White "Senko, Daniel"]
[Black "Haller, Andreas"]
[Result "1-0"]
[WhiteElo "1229"]
[BlackElo "1033"]
[PlyCount "55"]
[EventDate "2017.09.30"]
[EventType "swiss"]
[EventRounds "9"]
[EventCountry "GER"]
[SourceTitle "EXT 2019"]
[Source "ChessBase"]
[SourceDate "2018.10.10"]
[SourceVersion "1"]
[SourceVersionDate "2018.10.10"]
[SourceQuality "1"]

1. e4 e5 2. Nf3 Nc6 3. Bc4 Nf6 4. d3 Na5 5. Nbd2 d5 6. exd5 Nxd5 7. 0-0 Nc6 8. Re1 Bd6 9. Bxd5 Bg4 10. h3 Bh5 11. Nxe5 Bxe5 12. Bxc6+ bxc6 13. Rxe5+ Kf8 14. Qxh5 g6 15. Qf3 f6 16. Rc5 Qd6 17. Rxc6 Qd7 18. Qxf6+ Kg8 19. Qe6+ Qxe6 20. Rxe6 Kf7 21. Rc6 Rhc8 22. Ne4 Rab8 23. b3 Rb6 24. Rxb6 axb6 25. Bb2 Re8 26. Re1 Re5 27. Bxe5 b5 28. Bxc7 1-0

[Event "Bad Soden U14 op"]
[Site "Bad Soden"]
[Date "2017.10.01"]
[Round "5"]
[White "Senko, Daniel"]
[Black "Paukstys, Andrius"]
[Result "1-0"]
[WhiteElo "1229"]
[BlackElo "975"]
[PlyCount "115"]
[EventDate "2017.09.30"]
[EventType "swiss"]
[EventRounds "9"]
[EventCountry "GER"]
[SourceTitle "EXT 2019"]
[Source "ChessBase"]
[SourceDate "2018.10.10"]
[SourceVersion "1"]
[SourceVersionDate "2018.10.10"]
[SourceQuality "1"]

1. e4 e5 2. Nf3 Nc6 3. d4 d6 4. d5 Nd4 5. Nxd4 exd4 6. Qxd4 c5 7. dxc6 bxc6 8. Nc3 Nf6 9. e5 dxe5 10. Qxe5+ Be7 11. Bc4 0-0 12. 0-0 Qb6 13. Qxe7 Re8 14. Bxf7+ Kh8 15. Bxe8 Bf5 16. Bh6 Nxe8 17. Qe5 Bxc2 18. Rfe1 Qd8 19. Ne4 Bxe4 20. Rxe4 Kg8 21. Bg5 Qd7 22. Be7 Nc7 23. h3 Re8 24. Rae1 Nd5 25. Qe6+ Qxe6 26. Rxe6 Kf7 27. Rxc6 Nxe7 28. Rc7 a6 29. b4 Kf8 30. a4 Nd5 31. Rxe8+ Kxe8 32. Rc4 Nb6 33. Rc6 Nxa4 34. Rxa6 Nc3 35. Kf1 g5 36. Ke1 h5 37. Kd2 Nb5 38. Kd3 Kd7 39. Kc4 Nd6+ 40. Rxd6+ Kxd6 41. g3 g4 42. hxg4 hxg4 43. b5 Kc7 44. Kd4 Kb6 45. Ke4 Kxb5 46. Kf4 Kc6 47. Kxg4 Kd5 48. f4 Ke6 49. f5+ Kf6 50. Kf4 Kg7 51. g4 Kf6 52. g5+ Kg7 53. Ke5 Kf7 54. g6+ Kg7 55. Ke6 Kf8 56. f6 Kg8 57. g7 Kh7 58. Kf7 1-0

[Event "Hessen-ch U10"]
[Site "Bad Homburg"]
[Date "2015.03.29"]
[Round "6"]
[White "Deutsch, Christoph"]
[Black "Senko, Daniel"]
[Result "1-0"]
[WhiteElo "1183"]
[BlackElo "783"]
[PlyCount "67"]
[EventDate "2015.03.27"]
[EventType "swiss"]
[EventRounds "7"]
[EventCountry "GER"]
[SourceTitle "EXT 2017"]
[Source "ChessBase"]
[SourceDate "2016.10.25"]
[SourceVersion "1"]
[SourceVersionDate "2016.10.25"]
[SourceQuality "1"]

1. e4 e5 2. Nf3 Nc6 3. Bc4 Bc5 4. Nc3 Nf6 5. d3 d6 6. h3 h6 7. Be3 Bxe3 8. fxe3 0-0 9. 0-0 Be6 10. Bb3 Bxb3 11. axb3 d5 12. exd5 Nxd5 13. Nxd5 Qxd5 14. e4 Qc5+ 15. Kh1 Nd4 16. Nxd4 Qxd4 17. Rb1 Rad8 18. Rf3 Qxe4 19. dxe4 Rxd1+ 20. Rxd1 Rc8 21. Rd7 f6 22. Rg3 g5 23. Rc3 Rf8 24. Rcxc7 Rb8 25. Rh7 Rc8 26. Rxc8+ Kxh7 27. Rc7+ Kg6 28. g4 h5 29. Rxb7 hxg4 30. hxg4 a5 31. c4 f5 32. exf5+ Kf6 33. Rb6+ Kf7 34. Re6 1-0

[Event "Hessen-ch U10"]
[Site "Bad Homburg"]
[Date "2015.03.27"]
[Round "1"]
[White "Senko, Daniel"]
[Black "Deutsch, Volker"]
[Result "0-1"]
[WhiteElo "783"]
[BlackElo "1106"]
[PlyCount "52"]
[EventDate "2015.03.27"]
[EventType "swiss"]
[EventRounds "7"]
[EventCountry "GER"]
[SourceTitle "EXT 2017"]
[Source "ChessBase"]
[SourceDate "2016.10.25"]
[SourceVersion "1"]
[SourceVersionDate "2016.10.25"]
[SourceQuality "1"]

1. e4 e5 2. Nf3 Nc6 3. Bc4 Bc5 4. c3 d6 5. d4 exd4 6. cxd4 Bb6 7. 0-0 Bg4 8. h3 Bh5 9. Nc3 Nxd4 10. Ne2 Nxf3+ 11. gxf3 Bxf3 12. Qb3 Qf6 13. Nf4 Qg5+ 14. Kh2 Bh5 15. Ng6 Qxg6 16. Rg1 Qf6 17. Be3 Qe5+ 18. f4 Qxe4 19. Rge1 0-0-0 20. Bxb6 Qxf4+ 21. Kg1 axb6 22. Qa4 Qg3+ 23. Kf1 Qxh3+ 24. Kg1 Bf3 25. Bf1 Qg3+ 26. Bg2 Qxg2# 0-1